000 00376nam a2200121Ia 4500
008 231129s9999||||xx |||||||||||||| ||spa||
020 _a84-281-0390-9
082 _a332.41 / J66i
100 _aJohnson Harry G.
245 0 _aInflacion y revolucion y contrarrevolucion Keynesiana y monetarista
264 _aOikos - Tau
942 _2ddc
_cBKS
999 _c15657
_d15657